TV Shows Cut Off at 'B' Quiz Stats

 Plays Quiz Updated Jan 7, 2019

Support Sporcle.
Go Orange.
Score 0/24 Timer 06:00
0 Plays Today
Cut Off At 'B' TV Show % Correct
FATHER KNOWSBEST
98.7%
NEW KIDS ON THEBLOCK
94.3%
ORANGE IS THE NEWBLACK
91.6%
LEAVE IT TOBEAVER
88.5%
THE COSBY SHOW
87.8%
WHO'S THEBOSS
84.9%
HILL STREETBLUES
82.8%
TOUCHEDBY AN ANGEL
80.6%
PUNKYBREWSTER
79.4%
MURPHYBROWN
79%
WHAT I LIKE ABOUT YOU
77.6%
HERE COMES HONEYBOO BOO
77.6%
Cut Off At 'B' TV Show % Correct
COLUMBO
77.6%
UNDERCOVERBOSS
77.5%
THE LOVEBOAT
72.7%
WELCOMEBACK, KOTTER
66.2%
DANIELBOONE
58.6%
GENTLEBEN
57.2%
THE INCREDIBLE HULK
54.6%
CHINABEACH
47.8%
VOYAGE TO THEBOTTOM OF THE SEA
46.1%
HERE COME THEBRIDES
34.8%
TENSPEED ANDBROWN SHOE
17.2%
THE SPOILSBEFORE DYING
5.5%

You're not logged in!

Compare scores with friends on all Sporcle quizzes.
OR
Log In
Forgot?

From the Vault

Follow That Line: Shaun of the Dead

by Puzzgal

Movies 12m
"You've got red on you."
Remove Ads.
Support Sporcle.
Get the best of Sporcle when you Go Orange. This ad-free experience offers more features, more stats, and more fun while also helping to support Sporcle. Thank you for becoming a member.

Show Comments

Extras

Top Quizzes Today


Score Distribution

Your Account Isn't Verified!

In order to create a playlist on Sporcle, you need to verify the email address you used during registration. Go to your Sporcle Settings to finish the process.

Report this User

Report this user for behavior that violates our Community Guidelines.

Details: